000 00495nam a2200145Ia 4500
008 100204s9999 xx 000 0 und d
082 _b5591
100 _aगांगल सुमन
245 _aप्रितीचा पारिजात
260 _b"उदयदीप प्रकाशन , मुंबई"
_c1978
300 _a212
630 _aप्रितीचा पारिजात
730 _aप्रितीचा पारिजात
942 _cBOOK
999 _c450162
_d450159